| 000 | 01248nas a2200337 c 4500 | ||
|---|---|---|---|
| 001 | 25218 | ||
| 003 | ES-MaCES | ||
| 005 | 20250328111123.0 | ||
| 007 | cr ||||||||||| | ||
| 008 | 931203u1900 fr q| | |fre d | ||
| 022 | 1 | _a0769-0479 | |
| 035 |
_aCES19980001988p _z10202 |
||
| 040 |
_aES-MaCES _bspa _cES-MaCES |
||
| 245 | 0 | 0 | _aRevue française d'économie |
| 260 |
_a[Paris] _bRevue française d'économie |
||
| 300 |
_av. _c24 cm |
||
| 310 | _aTrimestral | ||
| 500 | _aDescripción basada en: v. 8, nº 1 (hiver 1993) | ||
| 500 | _aTít. tomado de la cub | ||
| 541 | _cCompra | ||
| 650 | 4 |
_aeconomía _926781 |
|
| 653 | 1 | 0 | _aEconomía |
| 853 | 2 | 1 |
_avol. _bnº _iaño _jmes _vr _wq _x0700 |
| 856 | 4 |
_uhttps://shs.cairn.info/revue-francaise-d-economie?lang=fr&tab=numeros _ytexto completo desde vol. 34, n. 3 (2009) |
|
| 856 | 4 |
_uhttp://www.persee.fr/web/revues/home/prescript/revue/rfeco _ytexto completo desde n. 1 (1986), con los 2 últimos años de carencia _zAcceso para usuarios registrados |
|
| 866 | 0 |
_a1993-1996 (1997) 1998-2012 (2013). _zUbicación: DEPÓSITO - 10202 |
|
| 905 |
_1Boletín A _fP _kSÍ _nRevuFranEco _p+ |
||
| 942 |
_2CES _cCR _h0.0. |
||
| 999 |
_c25218 _d25218 |
||